Normal view
MARC view
Entry Personal Name
001 - CONTROL NUMBER
- control field: 12028
003 - CONTROL NUMBER IDENTIFIER
- control field: ARRUPE
005 - DATE AND TIME OF LATEST TRANSACTION
- control field: 20141002173444.0
008 - FIXED-LENGTH DATA ELEMENTS
- fixed length control field: 141002|| aca||aabn | a|a d
040 ## - CATALOGING SOURCE
- Original cataloging agency: ARRUPE
- Transcribing agency: ARRUPE
100 ## - HEADING--PERSONAL NAME
- Personal name: Elert, Werner,
- Dates associated with a name: 1885-1954.
670 ## - SOURCE DATA FOUND
- Source citation: Work cat.: (ARRUPE)0: Elert, Werner, 1885-1954., The Christian ethos., [1957]